20 plus grandes villes d'Amerique du Sud - Statistiques

Statistiques générales
  • Ce quiz a été pris 252 fois
  • Le résultat moyen est 13 sur 20
Statistiques - réponses
# Pays Ville % Correct
4 Brésil Rio de Janeiro
99%
2 Perou Lima
96%
7 Argentine Buenos Aires
95%
5 Chili Santiago
95%
3 Colombie Bogota
94%
1 Brèsil São Paulo
94%
6 Venezuela Caracas
91%
9 Brésil Brasilia
89%
12 Equateur Quito
88%
14 Colombie Medellin
71%
13 Brèsil Belo Horizonte
59%
15 Colombie Cali
49%
19 Brésil Recife
49%
16 Brésil Manaus
46%
10 Brésil Fortaleza
40%
8 Brésil Salvador
35%
11 Equateur Guayaquil
33%
20 Bolivie Santa Cruz de la Sierra
26%
17 Brésil Curitiba
25%
18 Venezuela Maracaibo
20%
Aucun quiz correspondant
Distribution des résultats
% des personnes avec chaque résultat
Percentile par nombre de réponses
Votre historique - résultats
Vous n’avez pas pris ce quiz